| 000 | 01007 a2200337 4500 | ||
|---|---|---|---|
| 001 | 200459286 | ||
| 003 | TR-AnTOB | ||
| 005 | 20241030144732.0 | ||
| 007 | ta | ||
| 008 | 240205s2023 tu 000 0 tur d | ||
| 020 | _a9786052642979 (takım) | ||
| 020 | _a9786052642986 (1.Cilt) | ||
| 020 | _a9786052642993 (2.Cilt) | ||
| 020 | _a9786052643006 (3.Cilt) | ||
| 040 |
_aTR-AnTOB _beng _erda _cTR-AnTOB |
||
| 041 | 0 | _atur | |
| 050 | 4 |
_aKKX4610 _b.U58 2023 |
|
| 090 |
_aKKX4610 _b.U58 2023 |
||
| 100 | 1 |
_aÜnver, Yener _eauthor _976344 |
|
| 245 | 1 | 0 |
_aCeza Muhakemesi Hukuku / _bYener Ünver, Hakan Hakeri. |
| 250 | _a20. Baskı | ||
| 264 | 1 |
_aAnkara : _bAdalet Yayınevi, _c2023. |
|
| 300 |
_avolumes, _c24 cm |
||
| 336 |
_atext _btxt _2rdacontent |
||
| 337 |
_aunmediated _bn _2rdamedia |
||
| 338 |
_avolume _bnc _2rdacarrier |
||
| 650 | 7 |
_aCeza hukuku _zTürkiye _2etuturkob _948989 |
|
| 650 | 0 |
_aCeza yargılaması _zTürkiye _2etuturkob _9115759 |
|
| 942 |
_2lcc _cBK |
||
| 999 |
_c200459286 _d77498 |
||